000 01248cam a22003617a 4500
003 CHAP
005 20220329142126.0
008 990824d1999 mx r 00110 spa d
010 _a78822
011 _a79794
035 _a90199
040 _cCHAP
090 _aTesis
100 0 0 _aVenegas Carrillo, José Luis.
_9118677
245 1 0 _aEtanol de caña en México, posibilidad de uso como combustible
_c/por José Luis Venegas Carrillo
260 _aChapingo, Méx. :
_bEl autor,
_c1999.
300 _a135 h.
502 _aTesis (Ing. Agroindustrial) -- UACH. Departamento de Ingeniería Agroindustrial
590 _aALEPH
_b10
_c20130110
_lUCH01
_h1430
590 _aBATCH-UPD
_b10
_c20130110
_lUCH01
_h1453
590 _aBATCH-UPD
_b10
_c20130410
_lUCH01
_h0919
590 _aBATCH-UPD
_b10
_c20130914
_lUCH01
_h0837
590 _aCONVERSION
_b10
_c20130109
_lUCH01
_h1344
650 1 4 _aCaña de azúcar
_xSubproductos.
_918648
650 1 4 _aCombustibles.
_925554
650 1 4 _aEtanol.
_938579
901 _aBK
905 _aAlejandra Carrasco M.
942 _cFOLL
949 _bBC
_cTES
_d33724000727582
_eTS2
_h34180
_i90199
_si
949 _bBC
_cTES
_d33724000747705
_eTS2
_fc.3
_h35889
_i90199
_si
949 _bBC
_cTES
_d901991
_eTS1
_h34179
_i90199
_sb
999 _c78822
_d78822